| 000 | 00334 a2200121 4500 | ||
|---|---|---|---|
| 001 | 32955 | ||
| 082 | _a620.106 CHE | ||
| 090 |
_c22110 _d22110 |
||
| 100 | _aCheremisinoff,N.P | ||
| 245 | _aEncyclopedia of Fluid Mechanics:Polymer Flow Engineering Vol-9 | ||
| 260 |
_aLondon _bGulf Publishing Company _c1990 |
||
| 300 | _axii, 755 p. | ||
| 942 |
_aNUST-CAE _k620.106 CHE |
||
| 999 |
_c268028 _d268028 |
||